| 000 | 00434nam a2200157Ia 4500 | ||
|---|---|---|---|
| 008 | 230312s9999||||xx |||||||||||||| ||und|| | ||
| 020 | _a81-317-1132-3 | ||
| 082 |
_a658.3 _bROB-O |
||
| 100 | _aRobbins Stephen, P. | ||
| 245 | 0 | _aOrganizational Behavior | |
| 260 |
_bPrentice Hall _aNew Delhi _c2007 |
||
| 300 | _a829 | ||
| 546 | _aEng. | ||
| 650 |
_aManagement _vIntroduction , Individual , Group , Organizational Dynamics |
||
| 942 | _cBK | ||
| 999 |
_c785 _d785 |
||